Prénoms de personnalités politiques françoises - Statistiques

Statistiques générales
  • Ce quiz a été pris 1 268 fois
  • Le résultat moyen est 17 sur 20
Statistiques - réponses
Nom Prénom % Correct
Hollande François
100%
Mitterrand François
96%
Fillon François
95%
Bayrou François
92%
Baroin François
90%
Asselineau François
88%
Rufin François
88%
de Rugy François
86%
Rebsamen François
85%
Léotard François
85%
Sauvadet François
83%
Gernigon François
82%
Lecointre François
82%
Guizot François
82%
Zimeray François
82%
Pillet François
82%
Darlan François
81%
Seners François
81%
Piétri François
81%
Copé Jean-François
70%
Aucun quiz correspondant
Distribution des résultats
% des personnes avec chaque résultat
Percentile par nombre de réponses
Votre historique - résultats
Vous n’avez pas pris ce quiz